Country Quiz: Mauritania 🇲🇷 - Statistics

General Stats
  • This quiz has been taken 26 times
  • The average score is 16 of 29
Answer Stats
Hint Answer % Correct
From 1850-1960s, this European country ruled Mauritania France
92%
Bordering Countries Algeria
83%
Language Arabic
83%
Bordering Oceans Atlantic ocean
83%
Main Religion Islam
83%
Nationality Mauritanian
83%
Morocco
83%
Capital Nouakchott
83%
Between 1989-91, Mauritania and this neighbouring country clash over natural resources and claim over their shared famous river Senegal
83%
Senegal
83%
Independence 1960
75%
Time zones 1 (UTC)
75%
Climate Dry / Arid
75%
National Sport Football
75%
Mali
75%
In 1976, along with Morocco, Mauritania would annex this territory and maintain joint rule until 1979 Western Sahara
75%
State-Condition Republic
67%
Type of Government Presidential
50%
Main Economic Sector Primary / Agriculture
50%
Second-Largest City Nouadhibou
33%
Main River Senegal river
25%
National Dish Thieboudienne
25%
Unitary
25%
Shortly after the authoritarian regime was overthrown, the country would be ruled through ________ rule for more than 20 years to come Military
17%
National Animal African Wild Cat
8%
In 1964, the French would help install this puppet leader, who would go on and make Mauritania an authoritarian regime for years to come Moktar Ould Daddah
8%
Founding Father Moktar Ould Daddah
8%
Currency Ouquia
0%
Between the 7-13th century, modern-day Mauritania was part of the Ghana empire, or otherwise known as... Wagadou
0%
No matching quizzes found
Score Distribution
Percent of People with Each Score
Percentile by Number Answered
Your Score History
You have not taken this quiz